Dream - Shawn Mendes (All Lyrics) - Statistics

General Stats
  • This quiz has been taken 148 times
  • The average score is 225 of 264
Answer Stats
Dream % Correct
a
100%
I
100%
you
100%
Intro | Outro Dream
99%
dream
99%
about
98%
About
98%
an
94%
and
94%
And
94%
can
94%
my
94%
do
93%
to
93%
I'm
90%
just
90%
all
89%
Verse 1 | Verse 2 Hello
89%
hello
89%
is
89%
when
89%
hear
88%
can't
87%
eyes
85%
Pre-Chorus Oh
84%
yellow
84%
echo?
83%
have
83%
Purple
83%
me
82%
the
82%
baby
80%
from
80%
get
80%
home
80%
red
80%
think
79%
on
78%
wait
77%
You're
77%
you're
77%
apart
76%
in
76%
close
73%
Back
66%
back
66%
shut
65%
Holding
63%
of
61%
asleep
60%
far
60%
pillow
60%
through
60%
too
60%
were
60%
away
59%
walking
59%
wish
59%
London
57%
one
57%
down
56%
hundred
56%
meadow
56%
darling
55%
coming
54%
Head
54%
sunflowers
49%
up
49%
Count
45%
next
45%
without
45%
wanna
44%
it
43%
fall
41%
picking
41%
don't
40%
Full
40%
need
40%
at
39%
wake
38%
yeah
38%
Feeling
35%
laying
35%
no
35%
breathe
34%
off
34%
hate
33%
separation
33%
petals
32%
starting
29%
good
28%
waiting
27%
suffocated
24%
No matching quizzes found
Score Distribution
Percent of People with Each Score
Percentile by Number Answered
Your Score History
You have not taken this quiz